| 000 | 00419nam a2200157Ia 4500 | ||
|---|---|---|---|
| 003 | GCL | ||
| 008 | 140319s9999 xx 000 0 eng d | ||
| 040 |
_aGCL / _cGCL |
||
| 082 | 0 | 4 |
_a745.44 _bH H |
| 100 | 1 | _aSOVIET UNION EXHIBITION | |
| 245 | 1 | 0 |
_aHAPOHOE HCKYCCTBO CCCP / _cSOVIET UNION EXHIBITION |
| 260 |
_a[S.N] : _bSOVIETSKY... ، _c1972 |
||
| 650 | 0 | 4 | _aFOLK - ART |
| 650 | 0 | 4 | _aSOVIET FOLK ART |
| 942 |
_2ddc _cBK |
||
| 999 |
_c25291 _d25291 |
||